| 000 | 02281cam a2200577 i 4500 | ||
|---|---|---|---|
| 001 | xx004068600 | ||
| 003 | NUKAT | ||
| 005 | 20260324101519.0 | ||
| 008 | 170713s2017 pl a c |010 0dpol c | ||
| 020 |
_a9788365588401 _q(oprawa miękka) |
||
| 035 | _a(OCoLC)1000031657 | ||
| 035 | _a(NUKAT)xx004068600 | ||
| 040 |
_aWR O/MB _bpol _erda _cWR O/MBs _dWR O/PC _dWR O/MB _dKR U/JAKs _dOLSZT 008/bak |
||
| 045 | 2 |
_bd1817 _bd2017 |
|
| 046 | _k2017 | ||
| 245 | 0 | 0 |
_a200 lat Ossolineum : _b1817-2017 : wystawa jubileuszowa : informator / _copracowanie Łukasz Koniarek, Marta Pękalska. |
| 246 | 3 | 0 | _aDwieście lat Ossolineum |
| 246 | 1 | 4 | _a200 lat Zakładu Narodowego im. Ossolińskich |
| 250 | _aWydanie pierwsze. | ||
| 260 |
_aWrocław : _bZakład Narodowy im. Ossolińskich, _c2017. |
||
| 300 |
_a79, [1] strona : _bilustracje (w tym kolorowe) ; _c23 cm. |
||
| 336 |
_aTekst _btxt _2rdacontent |
||
| 336 |
_aObraz _bsti _2rdacontent |
||
| 337 |
_aBez urządzenia pośredniczącego _bn _2rdamedia |
||
| 338 |
_aWolumin _bnc _2rdacarrier |
||
| 380 | _aKsiążki | ||
| 380 | _aPublikacje informacyjne | ||
| 388 | 1 | _a2001- | |
| 500 | _aWystawa w gmachu ZNiO we Wrocławiu. | ||
| 610 | 2 | 7 |
_aOssolineum _2DBN _938857 |
| 610 | 2 | 7 |
_aOssolineum (Lwów) _2DBN _938858 |
| 610 | 2 | 7 |
_aZakład Narodowy im. Ossolińskich _xhistoria _vkatalogi wystaw. _2kaba _938859 |
| 610 | 2 | 7 |
_aZakład Narodowy im. Ossolińskich _xrocznice. _2kaba _938860 |
| 648 | 7 |
_a1801-1900 _2DBN _936037 |
|
| 648 | 7 |
_a1901-2000 _2DBN _934996 |
|
| 648 | 7 |
_a2001- _2DBN _936393 |
|
| 650 | 7 |
_aBiblioteki naukowe _2DBN _938861 |
|
| 650 | 7 |
_aEdytorstwo _2DBN _938863 |
|
| 651 | 7 |
_aLwów (Ukraina, obw. lwowski) _2DBN _938862 |
|
| 651 | 7 |
_aWrocław (woj. dolnośląskie) _2DBN _937057 |
|
| 655 | 7 |
_aInformator _2DBN _935181 |
|
| 655 | 7 |
_aPublikacja bogato ilustrowana _2DBN _935165 |
|
| 658 | _aBibliotekarstwo, archiwistyka, muzealnictwo | ||
| 658 | _aHistoria | ||
| 700 | 1 |
_aKoniarek, Łukasz _d(1967- ). _eOpracowanie _938855 |
|
| 700 | 1 |
_aPękalska, Marta. _eOpracowanie _938856 |
|
| 710 | 2 |
_aZakład Narodowy im. Ossolińskich. _eWydawca _4pbl _95174 |
|
| 730 | 0 |
_aKatalog wystawy (Zakład Narodowy im. Ossolińskich ; Wrocław ; 2017) _938854 |
|
| 920 | _a978-83-65588-40-1 (oprawa miękka) | ||
| 942 |
_2ddc _cBK_NM |
||
| 999 |
_c27251 _d27251 |
||